[Event "Nichelino op 12th"]
[Site "Nichelino"]
[Date "2011.10.07"]
[Round "2"]
[White "Canevarolo, Luca"]
[Black "Revello, Beatrice"]
[Result "1-0"]
[WhiteElo "1500"]
[BlackElo "1655"]
[PlyCount "43"]
[EventDate "2011.10.06"]
[EventType "swiss"]
[EventRounds "6"]
[EventCountry "ITA"]
[SourceTitle "EXT 2023"]
[Source "ChessBase"]
[SourceDate "2022.10.05"]
[SourceVersion "1"]
[SourceVersionDate "2022.10.05"]
[SourceQuality "1"]

1. e4 e6 2. d4 d5 3. exd5 exd5 4. Be3 c6 5. Nf3 Bd6 6. Bd3 Nf6 7. 0-0 0-0 8. Nbd2 Qc7 9. c4 Ng4 10. h3 Nxe3 11. fxe3 Be6 12. Ng5 g6 13. Nxe6 fxe6 14. Qg4 Re8 15. Rf6 e5 16. Bxg6 Rf8 17. Bxh7+ Kxh7 18. Qh5+ Kg8 19. Rg6+ Kf7 20. Rf1+ Ke8 21. Rg7+ Rf7 22. Rfxf7 1-0